000 00409nam a2200145 i 4500
001 bgj
100 1 _aTIECK, Ludwig.
245 1 0 _aDer Gestiefelte Kater :
_bKindermärchen in drei Akten mit Zwischenspielen, einem Prologe und Epiloge /
_cLudwig Tieck.
650 9 _aDramat niemiecki
040 _cBPK
041 _ager
080 _a821.112.2-2
942 _cKS
008 s gw f |000 0 ger
999 _c49506
_d49506
856 _uhttp://koha.tu.koszalin.pl/cgi-bin/koha/opac-detail.pl?biblionumber=49506
_yKatalog online BPK